<?xml version="1.0" encoding="UTF-8"?><?xml-stylesheet type="text/xsl" href="static/style.xsl"?><OAI-PMH xmlns="http://www.openarchives.org/OAI/2.0/" xmlns:xsi="http://www.w3.org/2001/XMLSchema-instance" xsi:schemaLocation="http://www.openarchives.org/OAI/2.0/ http://www.openarchives.org/OAI/2.0/OAI-PMH.xsd"><responseDate>2026-06-06T18:06:44Z</responseDate><request verb="GetRecord" identifier="oai:riuma.uma.es:10630/27011" metadataPrefix="marc">https://riuma.uma.es/rest/oai/request</request><GetRecord><record><header><identifier>oai:riuma.uma.es:10630/27011</identifier><datestamp>2026-02-03T11:09:15Z</datestamp><setSpec>com_10630_2254</setSpec><setSpec>col_10630_37953</setSpec></header><metadata><record xmlns="http://www.loc.gov/MARC21/slim" xmlns:dcterms="http://purl.org/dc/terms/" xmlns:doc="http://www.lyncode.com/xoai" xmlns:xsi="http://www.w3.org/2001/XMLSchema-instance" xsi:schemaLocation="http://www.loc.gov/MARC21/slim http://www.loc.gov/standards/marcxml/schema/MARC21slim.xsd">
   <leader>00925njm 22002777a 4500</leader>
   <datafield ind2=" " ind1=" " tag="042">
      <subfield code="a">dc</subfield>
   </datafield>
   <datafield ind2=" " ind1=" " tag="720">
      <subfield code="a">Rubio-Lamia, Leticia Olga</subfield>
      <subfield code="e">author</subfield>
   </datafield>
   <datafield ind2=" " ind1=" " tag="720">
      <subfield code="a">Suárez-Pérez, Juan</subfield>
      <subfield code="e">author</subfield>
   </datafield>
   <datafield ind2=" " ind1=" " tag="720">
      <subfield code="a">Martín-de-las-Heras, Stella</subfield>
      <subfield code="e">author</subfield>
   </datafield>
   <datafield ind2=" " ind1=" " tag="720">
      <subfield code="a">Zapico, Sara C.</subfield>
      <subfield code="e">author</subfield>
   </datafield>
   <datafield ind2=" " ind1=" " tag="260">
      <subfield code="c">2023-04-05</subfield>
   </datafield>
   <datafield ind2=" " ind1=" " tag="520">
      <subfield code="a">The postmortem interval (PMI) is difficult to estimate in later stages of decomposition. There is therefore a need to develop reliable methodologies to estimate late PMI. This study aims to assess whether there is a correlation between changes in the mineral composition of human teeth and the estimation of PMI. X-ray diffraction (XRD) and attenuated total reflection Fourier transform infrared (ATR-FTIR) spectroscopy techniques were performed to address this challenge. Forty healthy human teeth obtained from odontological clinics were stored at different times (0, 10, 25, 50 years; N = 10/group). XRD and ATR-FTIR parameters related to the structure and composition of teeth were studied. Our results showed that the crystallinity index, crystal size index, mineral-to-organic matrix ratio (M/M) and carbonate/phosphate ratio (C/P) had the strongest association with PMI. For larger PMIs, there was a significant increase in crystallinity, crystal size and M/M ratio, while the C/P ratio showed a specific decrease with increasing PMI. According to our results, the parameters of crystallinity, crystal size, M/M ratio and C/P ratio can be considered highly accurate in determining a PMI of 10 years of data; crystallinity and mineral maturity can be considered useful in determining a PMI of 25 years; and crystallinity and mineral maturity can be considered highly accurate in determining a PMI of 50 years. A particular XRD index was identified as the most suitable parameter to estimate PMI: crystallinity. The joint use of XRD and ATR-FTIR analyses could be a promising alternative for dating human teeth.</subfield>
   </datafield>
   <datafield ind1="8" ind2=" " tag="024">
      <subfield code="a">Rubio L, Suárez J, Martin-de-las-Heras S, Zapico SC. Partners in Postmortem Interval Estimation: X-ray Diffraction and Fourier Transform Spectroscopy. International Journal of Molecular Sciences. 2023; 24(7):6793. https://doi.org/10.3390/ijms24076793</subfield>
   </datafield>
   <datafield ind1="8" ind2=" " tag="024">
      <subfield code="a">https://hdl.handle.net/10630/27011</subfield>
   </datafield>
   <datafield ind1="8" ind2=" " tag="024">
      <subfield code="a">10.3390/ijms24076793</subfield>
   </datafield>
   <datafield tag="653" ind2=" " ind1=" ">
      <subfield code="a">Medicina legal</subfield>
   </datafield>
   <datafield tag="653" ind2=" " ind1=" ">
      <subfield code="a">Muerte (Biología) - Datación</subfield>
   </datafield>
   <datafield tag="653" ind2=" " ind1=" ">
      <subfield code="a">Dientes - Composición</subfield>
   </datafield>
   <datafield tag="653" ind2=" " ind1=" ">
      <subfield code="a">Odontología</subfield>
   </datafield>
   <datafield ind2="0" ind1="0" tag="245">
      <subfield code="a">Partners in postmortem interval estimation: X-ray diffraction and Fourier transform spectroscopy</subfield>
   </datafield>
</record>
</metadata></record></GetRecord></OAI-PMH>